1698 1029 1619 1557 1879 1178 1881 1949 1020 1017 1891 1778 1541 1634 1366 1584 1705 1817 1770 1674 1450 1889 1405 1029 1684 1864 1215 1653 1121 1149 1112 1552 1345 1140 1742 1763 1666 1521 1488 1497 1598 1746 1001 1569 1685 1611 1450 1614 1531 1911 1568 1464 1324 1305 1536 1985 1162 1947 1128 1287 1233 1609 1060 1479 1977 1864 1063 1780 1313 1200 1887 1984 1915 1213 1446 1855 1398 1363 1687 1049 1232 1209 1240 1683 1074 1403 1067 1010 1317 1024 1723 1442 1343 1579 1648 1695 1541 1175 1893 BCNSPRNW ULIB Ver.6.0+V

เปลี่ยนเป็นภาษาไทย

Change to English
 แสดงรายละเอียดบรรณานุกรม
  กลับหน้าหลัก

Brief Record : Get Marc (ISO 2709) : E-mail record : QR code < ปิดหน้าต่าง
LEADER : 00000nam 2200000uu 4500
001    13399112307
003     ULIB
008    110627s2551||||th 000 0 tha d
020    9789740516583
090    นว.^bฌ999ส 2551
100 0  เฌอ
245 00 สกิดรักคุณนักข่าว/^cเฌอ
250    พิมพ์ครั้งที่ 1
260    กรุงเทพฯ :^bไฟน์บุ๊ค,^c2551
300    316 หน้า
710 1  ไฟน์บุ๊ค
945    ^p195^l0^i023598
995    ทศพร
999 ^a ใช้งานได้ทุกระบบ
รายการนี้ยังไม่มีแท็ก
คุณยังไม่ได้ล็อกอิน คุณสามารถมีกิจกรรมร่วมกับเว็บไซต์ได้ แต่ต้องล็อกอินก่อน ::
  ล็อกอิน

รายการสื่อสารสนเทศ

ลำดับที่ ประเภท เลขเรียก/บาร์โค้ด สถานที่ สถานะ
- ไม่พบข้อมูล -

รายการใกล้เคียง
    ผู้แต่ง [เฌอ]

BibComment


ยังไม่เคยถูกคอมเมนท์

คอมเมนท์ทรัพยากรรายการนี้
  คอมเมนท์: สกิดรักคุณนักข่าว..


 Copyright 2026. Bcnsprnw @Library